[Event "Titled Tuesday intern op 06th Feb Early"]
[Site "Chess.com INT"]
[Date "2024.02.06"]
[Round "9"]
[White "Van Baar, Esper"]
[Black "Onoprijchuk, Boris"]
[Result "0-1"]
[WhiteElo "2208"]
[BlackElo "2385"]
[PlyCount "96"]
[EventDate "2024.02.06"]
[EventType "swiss (blitz)"]
[EventRounds "11"]
[EventCountry "USA"]
[SourceTitle "CB07_2024"]
[SourceDate "2024.02.14"]
[SourceVersion "1"]
[SourceVersionDate "2024.02.14"]
[SourceQuality "1"]

1. e4 c6 2. Nc3 d5 3. Nf3 dxe4 4. Nxe4 Nf6 5. Qe2 Nxe4 6. Qxe4 Qd5 7. Qf4 Qf5 8. d3 Qxf4 9. Bxf4 f6 10. d4 Bg4 11. Be2 Nd7 12. h3 Bf5 13. 0-0-0 g5 14. Be3 Nb6 15. c4 h5 16. Nh2 Kf7 17. g4 Be4 18. f3 Bg6 19. f4 gxf4 20. Bxf4 Bh6 21. Bxh6 Rxh6 22. g5 fxg5 23. Nf3 Bf5 24. Nxg5+ Kf6 25. h4 e6 26. Rhf1 Rd8 27. b3 Rhh8 28. Kb2 Kg6 29. Kc3 Rhf8 30. Rg1 Kh6 31. Rdf1 Nd7 32. Nf3 Bg4 33. Rg2 Rf4 34. Nh2 Rxf1 35. Nxf1 Nf6 36. Bxg4 hxg4 37. Re2 Re8 38. Ng3 Kg6 39. Re5 Nd7 40. h5+ Kf6 41. Re4 Kg5 42. Kd3 Nf6 43. Re5+ Kf4 44. Ne4 Nxe4 45. Rxe4+ Kf3 46. h6 g3 47. h7 Rh8 48. Rh4 g2 0-1

[Event "Titled Tuesday intern op 16th Jan Early"]
[Site "Chess.com INT"]
[Date "2024.01.16"]
[Round "2"]
[White "Onoprijchuk, Boris"]
[Black "Alekseenko, Kirill"]
[Result "0-1"]
[WhiteElo "2385"]
[BlackElo "2650"]
[PlyCount "126"]
[EventDate "2024.01.16"]
[EventType "swiss (blitz)"]
[EventRounds "11"]
[EventCountry "USA"]
[SourceTitle "CB04_2024"]
[SourceDate "2023.10.16"]
[SourceVersion "1"]
[SourceVersionDate "2023.10.16"]
[SourceQuality "1"]

1. e4 e5 2. Nf3 Nc6 3. Bb5 a6 4. Ba4 d6 5. 0-0 Bd7 6. c4 Nf6 7. Nc3 Bg4 8. h3 Bxf3 9. Qxf3 Nd7 10. Bxc6 bxc6 11. d3 g6 12. Be3 c5 13. Qe2 Bg7 14. f4 exf4 15. Bxf4 0-0 16. Nd5 Ne5 17. Kh1 c6 18. Ne3 h5 19. Rf2 Rb8 20. Rb1 a5 21. Bh2 Rb7 22. Nd1 Qe7 23. Nc3 Qe6 24. Qc2 Nd7 25. Ne2 Rfb8 26. b3 a4 27. Nf4 Qe7 28. Rff1 axb3 29. Rxb3 Rxb3 30. axb3 Nf8 31. Ne2 Ne6 32. Qa2 h4 33. Nf4 Nd4 34. Rb1 Be5 35. Ne2 Ne6 36. Qa6 Qe8 37. Bxe5 dxe5 38. Qa7 Kg7 39. Ng1 Ra8 40. Qb7 Nd4 41. Qc7 Qe6 42. b4 cxb4 43. Qb7 Ra2 44. Qxb4 Qf6 45. Qe1 Ne2 46. Nxe2 Qg5 47. Qf1 Qe3 48. Ng1 Rf2 49. Qe1 Qg3 50. Qxf2 Qxf2 51. Rb7 Qf1 52. Rd7 Kf8 53. Rd6 Ke7 54. c5 f5 55. exf5 gxf5 56. Rxc6 Qxd3 57. Rh6 e4 58. c6 Qc2 59. Rxh4 Qxc6 60. Ne2 Qc2 61. Nf4 Qf2 62. Rh7+ Kf6 63. Nd5+ Ke5 0-1

[Event "Saratov RCTSGSEU"]
[Site "Saratov"]
[Date "2009.09.25"]
[Round "8"]
[White "Korchmar, Vasiliy"]
[Black "Onoprijchuk, Boris"]
[Result "0-1"]
[WhiteElo "2163"]
[BlackElo "2388"]
[PlyCount "64"]
[EventDate "2009.09.17"]
[EventType "swiss"]
[EventRounds "9"]
[EventCountry "RUS"]
[SourceTitle "EXT 2012"]
[Source "ChessBase"]
[SourceDate "2011.11.24"]
[SourceVersion "1"]
[SourceVersionDate "2011.11.24"]
[SourceQuality "1"]

1. e4 c5 2. Nf3 e6 3. d4 cxd4 4. Nxd4 Nc6 5. Nc3 Qc7 6. g3 a6 7. Bg2 d6 8. 0-0 Bd7 9. Nb3 Nf6 10. Qe2 Be7 11. f4 0-0 12. Be3 Na5 13. Nxa5 Qxa5 14. g4 h6 15. Rad1 Bc6 16. Rd3 d5 17. exd5 exd5 18. Bd4 Rae8 19. Qd1 Ne4 20. a3 Bc5 21. Rdf3 Qb6 22. Bxc5 Qxc5+ 23. Kh1 f5 24. gxf5 Rxf5 25. Nxe4 dxe4 26. Rc3 Qe7 27. Qg4 Ref8 28. Rh3 Qf6 29. Rh4 g5 30. Bh3 e3+ 31. Kg1 e2 32. Qxe2 gxh4 0-1

[Event "Saratov RCTSGSEU"]
[Site "Saratov"]
[Date "2009.09.18"]
[Round "2"]
[White "Onoprijchuk, Boris"]
[Black "Avdeeva, Veronika"]
[Result "1-0"]
[WhiteElo "2388"]
[BlackElo "2151"]
[PlyCount "77"]
[EventDate "2009.09.17"]
[EventType "swiss"]
[EventRounds "9"]
[EventCountry "RUS"]
[SourceTitle "EXT 2012"]
[Source "ChessBase"]
[SourceDate "2011.11.24"]
[SourceVersion "1"]
[SourceVersionDate "2011.11.24"]
[SourceQuality "1"]

1. e4 c5 2. Nf3 d6 3. d4 cxd4 4. Nxd4 Nf6 5. Nc3 e6 6. g4 h6 7. Rg1 Nc6 8. Be3 a6 9. h4 Nxd4 10. Bxd4 Qc7 11. g5 hxg5 12. hxg5 Nd7 13. Qe2 b5 14. a3 Ne5 15. 0-0-0 Nc6 16. Be3 b4 17. axb4 Nxb4 18. g6 f6 19. Qc4 Qa5 20. Qb3 Bd7 21. Bc4 Rb8 22. Bxe6 Nd3+ 23. Rxd3 Rxb3 24. Bf7+ Kd8 25. Bxb3 Rh5 26. Kb1 Bc6 27. Nd5 Bxd5 28. Bxd5 Kd7 29. Ra3 Qb5 30. c4 Qb4 31. Rxa6 Rxd5 32. exd5 Qxc4 33. Ra7+ Ke8 34. Rc1 Qe4+ 35. Ka1 Be7 36. Rc8+ Bd8 37. Bb6 Qh1+ 38. Ka2 Qxd5+ 39. b3 1-0

[Event "Saratov-A"]
[Site "Saratov"]
[Date "2009.08.18"]
[Round "13"]
[White "Onoprijchuk, Boris"]
[Black "Petukhov, Dmitry"]
[Result "1-0"]
[WhiteElo "2357"]
[BlackElo "2391"]
[PlyCount "85"]
[EventDate "2009.08.10"]
[EventType "tourn"]
[EventRounds "13"]
[EventCountry "RUS"]
[EventCategory "4"]
[SourceTitle "CBM 132 Extra"]
[Source "ChessBase"]
[SourceDate "2009.11.03"]
[SourceVersion "1"]
[SourceVersionDate "2009.11.03"]
[SourceQuality "1"]

1. e4 c5 2. Nf3 d6 3. c3 Nf6 4. Bd3 Nc6 5. 0-0 e5 6. h3 Rg8 7. Nh2 g5 8. g4 Ne7 9. Bb5+ Bd7 10. Bxd7+ Qxd7 11. d3 h6 12. Qf3 Qe6 13. d4 exd4 14. cxd4 cxd4 15. Na3 Nc6 16. Nb5 0-0-0 17. Rd1 Bg7 18. Nxd4 Qxe4 19. Nxc6 Qxc6 20. Qa3 Kb8 21. Be3 Qa6 22. Qb3 d5 23. Rd4 Rge8 24. Nf1 Re4 25. Rad1 Qe6 26. Ng3 Rxd4 27. Rxd4 Ne4 28. Ra4 d4 29. Qxe6 fxe6 30. Nxe4 dxe3 31. fxe3 Bxb2 32. Nc5 Rd6 33. Kf2 b6 34. Ne4 Rc6 35. Kf3 Rc2 36. Nf2 a5 37. Re4 Rc6 38. Nd3 Bf6 39. a4 Kc7 40. Nf2 Kd6 41. Nd3 Kd5 42. h4 Be7 43. Rd4# 1-0

[Event "Saratov-A"]
[Site "Saratov"]
[Date "2009.08.17"]
[Round "12"]
[White "Lavretzkij, Roman"]
[Black "Onoprijchuk, Boris"]
[Result "1/2-1/2"]
[WhiteElo "2313"]
[BlackElo "2357"]
[PlyCount "31"]
[EventDate "2009.08.10"]
[EventType "tourn"]
[EventRounds "13"]
[EventCountry "RUS"]
[EventCategory "4"]
[SourceTitle "CBM 132 Extra"]
[Source "ChessBase"]
[SourceDate "2009.11.03"]
[SourceVersion "1"]
[SourceVersionDate "2009.11.03"]
[SourceQuality "1"]

1. c4 Nf6 2. Nc3 e5 3. g3 Nc6 4. Bg2 Bc5 5. e3 0-0 6. Nge2 d6 7. 0-0 Re8 8. a3 a5 9. b3 Ba7 10. Bb2 Bf5 11. Rc1 Bd3 12. Re1 h6 13. Nb5 Bb6 14. Rc3 Be4 15. d3 Bxg2 16. Kxg2 1/2-1/2

[Event "Saratov-A"]
[Site "Saratov"]
[Date "2009.08.15"]
[Round "8"]
[White "Onoprijchuk, Boris"]
[Black "Dmitrenko, Viktor"]
[Result "1/2-1/2"]
[WhiteElo "2357"]
[BlackElo "2375"]
[PlyCount "28"]
[EventDate "2009.08.10"]
[EventType "tourn"]
[EventRounds "13"]
[EventCountry "RUS"]
[EventCategory "4"]
[SourceTitle "CBM 132 Extra"]
[Source "ChessBase"]
[SourceDate "2009.11.03"]
[SourceVersion "1"]
[SourceVersionDate "2009.11.03"]
[SourceQuality "1"]

1. e4 e6 2. d4 d5 3. Nc3 Bb4 4. e5 Ne7 5. a3 Bxc3+ 6. bxc3 c5 7. Nf3 Qa5 8. Bd2 Nbc6 9. Be2 Bd7 10. 0-0 Qc7 11. Bd3 c4 12. Be2 f6 13. exf6 gxf6 14. Re1 0-0-0 1/2-1/2

[Event "Saratov-A"]
[Site "Saratov"]
[Date "2009.08.14"]
[Round "7"]
[White "Matinian, Nikita"]
[Black "Onoprijchuk, Boris"]
[Result "1/2-1/2"]
[WhiteElo "2347"]
[BlackElo "2357"]
[PlyCount "104"]
[EventDate "2009.08.10"]
[EventType "tourn"]
[EventRounds "13"]
[EventCountry "RUS"]
[EventCategory "4"]
[SourceTitle "CBM 132 Extra"]
[Source "ChessBase"]
[SourceDate "2009.11.03"]
[SourceVersion "1"]
[SourceVersionDate "2009.11.03"]
[SourceQuality "1"]

1. e4 c5 2. Nf3 e6 3. d4 cxd4 4. Nxd4 Nc6 5. Nc3 Qc7 6. Be3 a6 7. f4 b5 8. Bd3 Bb7 9. Qf3 Nf6 10. 0-0-0 Rc8 11. Kb1 Nxd4 12. Bxd4 Bc5 13. Bxc5 Qxc5 14. Qg3 0-0 15. e5 Ne8 16. Rhe1 g6 17. h4 b4 18. Ne2 Ng7 19. Qg5 d6 20. exd6 Qxg5 21. hxg5 Rfd8 22. Ng3 Rxd6 23. Be4 Bd5 24. Bxd5 Rxd5 25. Rxd5 exd5 26. Rd1 Ne6 27. Rxd5 Nxf4 28. Rd4 Nxg2 29. Rxb4 Ne3 30. c3 Rc6 31. Re4 Nc4 32. Kc2 Kg7 33. a4 h6 34. gxh6+ Kxh6 35. b4 f5 36. Re8 Kg5 37. Ne2 Kg4 38. Nd4 Rf6 39. b5 axb5 40. axb5 f4 41. Kd3 Nd6 42. Re1 f3 43. Rb1 f2 44. Nc2 Nxb5 45. c4 Na3 46. Nxa3 f1Q+ 47. Rxf1 Rxf1 48. Nc2 Rf8 49. c5 Kf3 50. Nd4+ Kf2 51. c6 g5 52. Ne6 Rc8 1/2-1/2

[Event "Saratov-A"]
[Site "Saratov"]
[Date "2009.08.11"]
[Round "3"]
[White "Shukh, Nikolai"]
[Black "Onoprijchuk, Boris"]
[Result "0-1"]
[WhiteElo "2403"]
[BlackElo "2357"]
[PlyCount "106"]
[EventDate "2009.08.10"]
[EventType "tourn"]
[EventRounds "13"]
[EventCountry "RUS"]
[EventCategory "4"]
[SourceTitle "CBM 132 Extra"]
[Source "ChessBase"]
[SourceDate "2009.11.03"]
[SourceVersion "1"]
[SourceVersionDate "2009.11.03"]
[SourceQuality "1"]

1. e4 c5 2. Nf3 e6 3. d4 cxd4 4. Nxd4 Nc6 5. Nc3 Qc7 6. Be3 a6 7. f4 b5 8. Qf3 Bb7 9. Bd3 Nf6 10. g4 b4 11. Nce2 d5 12. e5 Ne4 13. 0-0-0 Bc5 14. Nxc6 Qxc6 15. Nd4 Qb6 16. Rhe1 0-0 17. Nb3 Bxe3+ 18. Qxe3 Qxe3+ 19. Rxe3 Nf2 20. Rg1 Rfc8 21. Kb1 Nxd3 22. cxd3 a5 23. d4 Kf8 24. Nc5 Bc6 25. f5 Ke7 26. Rf1 Rh8 27. Ref3 Be8 28. f6+ gxf6 29. exf6+ Kd6 30. Re1 Bb5 31. Re5 Rag8 32. h3 h5 33. g5 h4 34. Nxe6 Re8 35. Nc5 Rxe5 36. Nb7+ Kc7 37. dxe5 Kxb7 38. e6 Be8 39. g6 fxe6 40. f7 Bxf7 41. Rxf7+ Kc6 42. Kc2 Rg8 43. g7 Kd6 44. Ra7 Ke5 45. Kb3 Kd4 46. Ka4 e5 47. Kxa5 e4 48. Kxb4 e3 49. Re7 Kd3 50. Kc5 e2 51. Kxd5 Rxg7 52. Rxe2 Kxe2 53. b4 Ra7 0-1

[Event "Moscow op-A"]
[Site "Moscow"]
[Date "2009.02.05"]
[Round "6"]
[White "Elishev, Ivan"]
[Black "Onoprijchuk, Boris"]
[Result "0-1"]
[WhiteElo "2239"]
[BlackElo "2358"]
[PlyCount "92"]
[EventDate "2009.01.31"]
[EventType "swiss"]
[EventRounds "9"]
[EventCountry "RUS"]
[SourceTitle "EXT 2022"]
[Source "ChessBase"]
[SourceDate "2021.10.06"]
[SourceVersion "1"]
[SourceVersionDate "2021.10.06"]
[SourceQuality "1"]

1. e4 c5 2. Nf3 e6 3. c4 a6 4. Nc3 Nc6 5. d4 cxd4 6. Nxd4 Qc7 7. Nxc6 dxc6 8. Be3 e5 9. Be2 Nf6 10. 0-0 Be7 11. f3 Be6 12. Rc1 Qa5 13. Na4 Nd7 14. c5 0-0 15. Qc2 Rad8 16. Rfd1 Rfe8 17. a3 Qc7 18. b4 Nf8 19. Nb6 Ng6 20. Bc4 Nf4 21. Bxf4 exf4 22. Bxe6 fxe6 23. Qb3 Bf6 24. Rxd8 Rxd8 25. Qxe6+ Qf7 26. Qxf7+ Kxf7 27. Nc4 Ke6 28. Kf1 Rd3 29. Ke2 Rb3 30. Kd2 Bd4 31. Rc2 g5 32. Ra2 h5 33. h3 g4 34. hxg4 hxg4 35. Ke2 gxf3+ 36. gxf3 Rc3 37. Nd2 Re3+ 38. Kd1 Bc3 39. Nc4 Rxf3 40. Rh2 Bf6 41. Rh6 Rc3 42. Nd6 Ke5 43. Ne8 Bd8 44. Nd6 Kd4 45. e5 f3 46. e6 Kd3 0-1

[Event "Moscow op-A"]
[Site "Moscow"]
[Date "2009.02.04"]
[Round "5"]
[White "Onoprijchuk, Boris"]
[Black "Omariev, Maksim"]
[Result "1/2-1/2"]
[WhiteElo "2358"]
[BlackElo "2248"]
[PlyCount "50"]
[EventDate "2009.01.31"]
[EventType "swiss"]
[EventRounds "9"]
[EventCountry "RUS"]
[SourceTitle "EXT 2022"]
[Source "ChessBase"]
[SourceDate "2021.10.06"]
[SourceVersion "1"]
[SourceVersionDate "2021.10.06"]
[SourceQuality "1"]

1. e4 c5 2. Nf3 d6 3. d4 cxd4 4. Nxd4 Nf6 5. Nc3 a6 6. g3 b5 7. Bg2 Bb7 8. 0-0 e6 9. Re1 Qc7 10. Bg5 Nbd7 11. a4 bxa4 12. Rxa4 Be7 13. Nb3 Nb6 14. Rd4 Nc4 15. Rxc4 Qxc4 16. Na5 Qc7 17. Nxb7 0-0 18. Qa1 Qxb7 19. e5 Nd5 20. Nxd5 exd5 21. Bxd5 Qxd5 22. Bxe7 Rfe8 23. exd6 Qd2 24. Rf1 Qe2 25. d7 Qxe7 1/2-1/2

[Event "Saratov op"]
[Site "Saratov"]
[Date "2008.12.21"]
[Round "9"]
[White "Onoprijchuk, Boris"]
[Black "Lebedev, Sergey"]
[Result "1-0"]
[WhiteElo "2356"]
[BlackElo "2325"]
[PlyCount "120"]
[EventDate "2008.12.13"]
[EventType "swiss"]
[EventRounds "9"]
[EventCountry "RUS"]
[SourceTitle "EXT 2010"]
[Source "ChessBase"]
[SourceDate "2010.11.25"]
[SourceVersion "1"]
[SourceVersionDate "2010.11.25"]
[SourceQuality "1"]

1. e4 c5 2. Nf3 e6 3. d4 cxd4 4. Nxd4 Nc6 5. Nb5 d6 6. c4 a6 7. N5c3 Nf6 8. Be2 Be7 9. 0-0 0-0 10. Be3 Ne5 11. f4 Ned7 12. Bf3 Qc7 13. Nd2 Rb8 14. Ba7 Ra8 15. Be3 Rb8 16. Rc1 b6 17. b4 Bb7 18. Qe2 Rbc8 19. a3 Qb8 20. g4 Ne8 21. g5 f6 22. h4 f5 23. exf5 Bxf3 24. Nxf3 exf5 25. Nd5 Bd8 26. Nd4 Qb7 27. Ne6 Rf7 28. h5 Nc7 29. Nexc7 Bxc7 30. g6 Rff8 31. Ne7+ Kh8 32. Nxc8 Qxc8 33. Bd4 Bd8 34. h6 Bf6 35. Bxf6 Nxf6 36. Qe7 Nh5 37. Qg5 hxg6 38. Qxg6 Qe8 39. hxg7+ Nxg7 40. Qxe8 Nxe8 41. Rcd1 Kg7 42. Kg2 Kf7 43. Kf3 Ke6 44. Rfe1+ Kd7 45. Rd5 Nc7 46. Rd3 Ne8 47. Red1 Kc6 48. Rd5 Rf6 49. R5d3 Rh6 50. Rg1 Nc7 51. Rg5 Rf6 52. Rh5 d5 53. cxd5+ Nxd5 54. Rh8 Ne7 55. Re8 Ng6 56. a4 a5 57. b5+ Kc5 58. Rc3+ Kb4 59. Rc6 Rf8 60. Rxf8 Nxf8 1-0

[Event "Saratov op"]
[Site "Saratov"]
[Date "2008.12.19"]
[Round "7"]
[White "Onoprijchuk, Boris"]
[Black "Pasiev, Rakhim"]
[Result "1/2-1/2"]
[WhiteElo "2356"]
[BlackElo "2173"]
[PlyCount "157"]
[EventDate "2008.12.13"]
[EventType "swiss"]
[EventRounds "9"]
[EventCountry "RUS"]
[SourceTitle "EXT 2010"]
[Source "ChessBase"]
[SourceDate "2010.11.25"]
[SourceVersion "1"]
[SourceVersionDate "2010.11.25"]
[SourceQuality "1"]

1. e4 c5 2. Nf3 d6 3. d4 cxd4 4. Nxd4 Nf6 5. Nc3 g6 6. g3 Bg7 7. Bg2 0-0 8. 0-0 Nbd7 9. h3 Nc5 10. Be3 Bd7 11. Qe2 Qc8 12. Kh2 Ne6 13. Nb3 Nd8 14. f4 Nc6 15. Nd5 Re8 16. c4 b6 17. Rad1 Nxd5 18. cxd5 Nb4 19. Rc1 Qa6 20. Qxa6 Nxa6 21. Nd4 Rac8 22. b3 Nb4 23. a3 Nd3 24. Rb1 Rc3 25. Bg1 Rec8 26. Rfd1 Nc5 27. b4 Na4 28. Ra1 Nb2 29. Re1 Nd3 30. Red1 Ba4 31. Rd2 Nc1 32. Rb1 Rxa3 33. Nc6 Bxc6 34. dxc6 Rxc6 35. e5 Rc8 36. exd6 exd6 37. Rxd6 Ra2 38. Be3 Bf8 39. Rd2 Ra3 40. Bg1 Nd3 41. b5 Bc5 42. Rbd1 Bxg1+ 43. Kxg1 Rcc3 44. Kh2 Nc5 45. g4 Kg7 46. Rf2 Rd3 47. Rxd3 Nxd3 48. Rf3 Rb3 49. Bf1 Nc5 50. Rf2 Na4 51. Kg1 Nc3 52. Rf3 Ra3 53. Kg2 Ra2+ 54. Kg1 Ne4 55. Rd3 Nc5 56. Rf3 h6 57. Bc4 Ra4 58. Bd5 f5 59. Kg2 Rd4 60. Bc6 Kf6 61. Ra3 fxg4 62. Rxa7 gxh3+ 63. Kxh3 Rxf4 64. Ra8 Rb4 65. Rb8 Na4 66. Kg3 h5 67. Rd8 Rb3+ 68. Kh4 Rb4+ 69. Kg3 Rb3+ 70. Kh4 Nc5 71. Rd6+ Kg7 72. Be8 Rb4+ 73. Kh3 Rb3+ 74. Kg2 Kf8 75. Bxg6 Rxb5 76. Bxh5 Ne4 77. Rh6 Kg7 78. Rg6+ Kh7 79. Rc6 1/2-1/2

[Event "RUS-chT U26"]
[Site "Belgorod"]
[Date "2008.10.13"]
[Round "9"]
[White "Onoprijchuk, Boris"]
[Black "Airapetian, Gor"]
[Result "0-1"]
[WhiteElo "2356"]
[BlackElo "2378"]
[PlyCount "52"]
[EventDate "2008.10.05"]
[EventType "team"]
[EventRounds "9"]
[EventCountry "RUS"]
[SourceTitle "EXT 2010"]
[Source "ChessBase"]
[SourceDate "2010.11.25"]
[SourceVersion "1"]
[SourceVersionDate "2010.11.25"]
[SourceQuality "1"]

1. e4 e6 2. d4 d5 3. Nd2 c5 4. exd5 Qxd5 5. Ngf3 cxd4 6. Bc4 Qd6 7. Qe2 Nc6 8. Nb3 Be7 9. Bd2 Nf6 10. 0-0-0 e5 11. h3 Be6 12. Bb5 Nd7 13. c3 0-0 14. Bxc6 Qxc6 15. Nxe5 Nxe5 16. Qxe5 Bf6 17. Qg3 Bf5 18. Qf4 Qb5 19. Be1 Bg6 20. Nxd4 Qa4 21. Rd2 Bxd4 22. Qxd4 Qxa2 23. Rd3 Bxd3 24. Qxd3 Rad8 25. Qf3 Qa1+ 26. Kc2 Rfe8 0-1

[Event "RUS-chT U26"]
[Site "Belgorod"]
[Date "2008.10.09"]
[Round "5"]
[White "Onoprijchuk, Boris"]
[Black "Papin, Vasily"]
[Result "0-1"]
[WhiteElo "2356"]
[BlackElo "2455"]
[PlyCount "138"]
[EventDate "2008.10.05"]
[EventType "team"]
[EventRounds "9"]
[EventCountry "RUS"]
[SourceTitle "EXT 2010"]
[Source "ChessBase"]
[SourceDate "2010.11.25"]
[SourceVersion "1"]
[SourceVersionDate "2010.11.25"]
[SourceQuality "1"]

1. e4 c5 2. Nf3 e6 3. d4 cxd4 4. Nxd4 a6 5. Bd3 Nf6 6. 0-0 d6 7. f4 Nbd7 8. Nf3 Be7 9. a4 b6 10. Nc3 Bb7 11. Qe2 0-0 12. Kh1 Qc7 13. Bd2 Nc5 14. Rae1 Rfe8 15. e5 Nd5 16. Ne4 Nxd3 17. cxd3 Qd7 18. Qf2 Rac8 19. Qg3 f5 20. exf6 Bxf6 21. Bc3 Bxc3 22. bxc3 Rf8 23. Nd4 Nxc3 24. Nxc3 Rxc3 25. Nxe6 Rf6 26. f5 Bd5 27. Qf2 Rxd3 28. Qxb6 h6 29. Qxa6 Rd2 30. Re2 Rxe2 31. Qxe2 Qxa4 32. h3 Qe8 33. Nd4 Qxe2 34. Nxe2 Bc4 35. Rf2 Bxe2 36. Rxe2 Rxf5 37. Re7 Rf7 38. Re8+ Rf8 39. Re7 Rd8 40. Kg1 Kh7 41. Kf2 Kg6 42. Ke3 Kf6 43. Ra7 Re8+ 44. Kf4 g5+ 45. Kf3 Ke5 46. Ke3 Kd5+ 47. Kd3 Ke5 48. Ke3 Re6 49. Rh7 Kf5+ 50. Kf3 d5 51. Rd7 Ke5 52. Ke3 Re8 53. g3 Re6 54. Rd8 Re7 55. Rh8 Re6 56. Rd8 Ra6 57. Rh8 d4+ 58. Kd3 Ra3+ 59. Ke2 Ra2+ 60. Kd3 Ra3+ 61. Ke2 Rxg3 62. Rxh6 Re3+ 63. Kf2 Ke4 64. Rg6 Rxh3 65. Rxg5 Kd3 66. Rg8 Rh2+ 67. Kf3 Rh1 68. Ra8 Rf1+ 69. Kg2 Rf5 0-1

[Event "RUS-chT U26"]
[Site "Belgorod"]
[Date "2008.10.07"]
[Round "3"]
[White "Onoprijchuk, Boris"]
[Black "Kurnosov, Igor"]
[Result "1-0"]
[WhiteElo "2356"]
[BlackElo "2606"]
[PlyCount "147"]
[EventDate "2008.10.05"]
[EventType "team"]
[EventRounds "9"]
[EventCountry "RUS"]
[SourceTitle "EXT 2010"]
[Source "ChessBase"]
[SourceDate "2010.11.25"]
[SourceVersion "1"]
[SourceVersionDate "2010.11.25"]
[SourceQuality "1"]

1. e4 e5 2. Nf3 Nc6 3. Bb5 a6 4. Ba4 Nf6 5. 0-0 Be7 6. Re1 b5 7. Bb3 d6 8. c3 0-0 9. d4 Bg4 10. Be3 exd4 11. cxd4 d5 12. e5 Ne4 13. Nc3 Nxc3 14. bxc3 Bh5 15. Bf4 Qd7 16. Qd3 Bg6 17. Qe3 Qe6 18. Bg5 h6 19. Bxe7 Nxe7 20. Nh4 Bh7 21. h3 a5 22. Bd1 g5 23. Bg4 Qc6 24. Nf3 Rae8 25. h4 Bf5 26. Bh5 gxh4 27. Nxh4 Qe6 28. Nxf5 Nxf5 29. Qh3 Ng7 30. Bg4 f5 31. Be2 Qc6 32. Rab1 Rb8 33. Rb3 Rb6 34. Reb1 Rfb8 35. Qd3 b4 36. cxb4 Rxb4 37. Rxb4 Rxb4 38. Rxb4 axb4 39. Qb3 Qa8 40. Bb5 Ne6 41. Qxb4 Qxa2 42. Bd7 Qa1+ 43. Kh2 Nf8 44. Bxf5 Qc1 45. g3 Qf1 46. Qd2 Kf7 47. Bh3 Qa6 48. e6+ Ke8 49. Qxh6 Qe2 50. Qf6 Qh5 51. e7 Ng6 52. Qc6+ Kxe7 53. Qxc7+ Kf8 54. Kg2 Ne7 55. Qb8+ Kf7 56. Qe5 Qg6 57. Qf4+ Ke8 58. Qb8+ Kf7 59. Qe5 Qh6 60. Bg4 Kf8 61. Bf3 Qc6 62. Bg4 Ng6 63. Qf5+ Kg7 64. Bh5 Nh8 65. Bf3 Ng6 66. Qxd5 Qf6 67. Be4 Ne7 68. Qe5 Nc8 69. Qxf6+ Kxf6 70. Kf3 Nd6 71. Kf4 Nb5 72. Ke3 Nc3 73. f4 Nd1+ 74. Kf3 1-0

[Event "RUS-chT U26"]
[Site "Belgorod"]
[Date "2008.10.06"]
[Round "2"]
[White "Dogodkina, Julia"]
[Black "Onoprijchuk, Boris"]
[Result "1/2-1/2"]
[WhiteElo "1972"]
[BlackElo "2356"]
[PlyCount "120"]
[EventDate "2008.10.05"]
[EventType "team"]
[EventRounds "9"]
[EventCountry "RUS"]
[SourceTitle "EXT 2010"]
[Source "ChessBase"]
[SourceDate "2010.11.25"]
[SourceVersion "1"]
[SourceVersionDate "2010.11.25"]
[SourceQuality "1"]

1. e4 c5 2. Nf3 e6 3. d4 cxd4 4. Nxd4 Nc6 5. Nc3 Qc7 6. g3 a6 7. Bg2 Nf6 8. 0-0 Bc5 9. Nb3 Be7 10. Re1 d6 11. a4 0-0 12. a5 Bd7 13. f4 Rac8 14. Be3 Nb4 15. Bb6 Qb8 16. e5 dxe5 17. fxe5 Nfd5 18. Nxd5 Nxd5 19. Bxd5 exd5 20. Qxd5 Bc6 21. Qd4 f6 22. c3 fxe5 23. Qxe5 Bd6 24. Qe6+ Kh8 25. Bd4 Rce8 26. Qg4 Be5 27. Bxe5 Rxe5 28. Nd4 Bd5 29. b3 Qc7 30. c4 Rxe1+ 31. Rxe1 Qxa5 32. Rd1 Bg8 33. Rf1 Rd8 34. Rf4 Qe5 35. Re4 Qc5 36. Kg2 Rf8 37. Qd7 b5 38. Qc6 Qxc6 39. Nxc6 bxc4 40. bxc4 Rc8 41. Ne5 a5 42. Kf2 a4 43. Re3 Rc5 44. Kf3 a3 45. Ke4 Ra5 46. Re1 g6 47. Ra1 Kg7 48. Kd4 Kf6 49. Nd7+ Ke7 50. Nc5 a2 51. Nb3 Ra4 52. Nd2 Kd6 53. Kc3 Ra8 54. Nb3 Ra4 55. Nd2 Ke5 56. Kb3 Ra8 57. Rxa2 Rxa2 58. Kxa2 Kd4 59. Kb2 Kd3 60. Kc1 Be6 1/2-1/2

[Event "Saratov SGSEU-ch op"]
[Site "Saratov"]
[Date "2008.09.23"]
[Round "6"]
[White "Smirnov, Alexandr A"]
[Black "Onoprijchuk, Boris"]
[Result "1/2-1/2"]
[WhiteElo "2135"]
[BlackElo "2366"]
[PlyCount "97"]
[EventDate "2008.09.10"]
[EventType "swiss"]
[EventRounds "9"]
[EventCountry "RUS"]
[SourceTitle "EXT 2022"]
[Source "ChessBase"]
[SourceDate "2021.10.06"]
[SourceVersion "1"]
[SourceVersionDate "2021.10.06"]
[SourceQuality "1"]

1. Nc3 d5 2. d4 Nf6 3. Nf3 Bf5 4. Bf4 e6 5. e3 Bd6 6. Be5 0-0 7. Bd3 Bg6 8. Bxg6 hxg6 9. 0-0 Nbd7 10. Re1 Ne4 11. Nxe4 dxe4 12. Nd2 Nxe5 13. dxe5 Bxe5 14. Nxe4 Bxh2+ 15. Kf1 Bd6 16. g3 f5 17. Nd2 Qd7 18. c3 Qb5+ 19. Kg2 Qxb2 20. Nf3 Qxc3 21. Rc1 Qf6 22. Qb3 b6 23. Nd4 Rae8 24. f4 g5 25. Nf3 g4 26. Ng5 a5 27. Rh1 a4 28. Qb5 Qg6 29. Rh2 Be7 30. Nh7 Rd8 31. Nxf8 Bxf8 32. Rxc7 Rd2+ 33. Kg1 Rd1+ 34. Kg2 Rd2+ 35. Kg1 Rxh2 36. Kxh2 Bc5 37. Rxc5 bxc5 38. Kg1 Qf6 39. Qxa4 Qa1+ 40. Kf2 Qb2+ 41. Kf1 Kh7 42. Qc4 Qb6 43. a4 Qc6 44. Ke1 Kg6 45. Qb5 Qh1+ 46. Kd2 Qd5+ 47. Kc3 Kf6 48. Qe8 c4 49. Qf8+ 1/2-1/2

[Event "Saratov SGSEU-ch op"]
[Site "Saratov"]
[Date "2008.09.10"]
[Round "1"]
[White "Fedorova, Tatiana"]
[Black "Onoprijchuk, Boris"]
[Result "0-1"]
[WhiteElo "2009"]
[BlackElo "2366"]
[PlyCount "142"]
[EventDate "2008.09.10"]
[EventType "swiss"]
[EventRounds "9"]
[EventCountry "RUS"]
[SourceTitle "EXT 2022"]
[Source "ChessBase"]
[SourceDate "2021.10.06"]
[SourceVersion "1"]
[SourceVersionDate "2021.10.06"]
[SourceQuality "1"]

1. c4 c5 2. g3 g6 3. Bg2 Bg7 4. Nf3 Nc6 5. 0-0 e5 6. d3 Nge7 7. Nc3 0-0 8. Rb1 d6 9. a3 a5 10. b3 h6 11. Bb2 Be6 12. Nd2 d5 13. cxd5 Nxd5 14. Nc4 Rb8 15. Ne3 Nde7 16. Ba1 Nd4 17. Na4 Qc7 18. b4 cxb4 19. axb4 axb4 20. Rxb4 b5 21. Nc3 Qa5 22. Rb1 b4 23. Ne4 Rfd8 24. Nd2 Nef5 25. Nec4 Qc7 26. e3 Nc6 27. Qa4 Bd7 28. Qb3 Nfe7 29. Rfc1 Be6 30. Qc2 Qd7 31. Rb3 Rdc8 32. Qb1 Qa7 33. h4 Qa4 34. Nb2 Qb5 35. Nbc4 Na5 36. Nxa5 Rxc1+ 37. Qxc1 Qxa5 38. Nc4 Rc8 39. Bf1 Qc5 40. Qb1 Nc6 41. Rb2 Bxc4 42. dxc4 Rb8 43. Rd2 b3 44. Bb2 Na5 45. Rd5 Qb4 46. Qd3 Nc6 47. Qd1 e4 48. Rb5 Rxb5 49. cxb5 Na5 50. Bc1 b2 51. Bxb2 Bxb2 52. Qd5 Kg7 53. Bh3 Bc3 54. h5 Qc4 55. Qd7 Qd3 56. Qe8 Qd1+ 57. Kg2 Qf3+ 58. Kg1 Qxh5 59. Qd7 Qe5 60. b6 Bb4 61. b7 Bd6 62. Bf1 Qe6 63. Qb5 Qe5 64. b8Q Bxb8 65. Qa4 Bc7 66. Qd7 h5 67. Qh3 Nc6 68. Qd7 Qd6 69. Qe8 Ne5 70. Kg2 Qf6 71. Qb5 h4 0-1